header

The blasphemies of Thomas Aikenhead (Record no. 32082)

MARC details
000 -LEADER
fixed length control field 01560nam a2200361Ia 4500
100 1# - MAIN ENTRY--AUTHOR NAME
Personal name Graham, Michael F.
245 14 - TITLE STATEMENT
Title The blasphemies of Thomas Aikenhead
260 ## - PUBLICATION, DISTRIBUTION, ETC. (IMPRINT)
Place of publication Edinburgh :
Name of publisher Edinburgh University Press,
Year of publication c2008.
300 ## - PHYSICAL DESCRIPTION
Number of Pages xi, 180 p. :
Other physical details maps.
650 #0 - SUBJECT ADDED ENTRY--TOPICAL TERM
Topical Term Blasphemy
Topical Term Enlightenment
Topical Term Hanging
856 40 - ELECTRONIC LOCATION AND ACCESS
Uniform Resource Identifier http://site.ebrary.com/lib/rucke/Doc?id=10257683

No items available.

© 2026 Rongo University
Contact us: librarian | system librarian | Rongo university